Warrior Cats - Statistics

General Stats
  • This quiz has been taken 378 times
  • The average score is 52 of 200
Answer Stats
Number Cat % Correct
101 Firestar
97%
83 Bluestar
88%
176 Tigerstar
83%
107 Graystripe
78%
200 Bramblestar
72%
196 Leafpool
72%
163 Jayfeather
71%
125 Tallstar
69%
123 Sandstorm
68%
32 Lionblaze
66%
191 Cinderpelt
65%
155 Hollyleaf
64%
17 Yellowfang
64%
37 Crookedstar
62%
58 Dovewing
62%
95 Misty
62%
48 Brightheart
60%
192 Brokenstar
60%
69 Lionheart
60%
36 Ivypool
59%
74 Ravenpaw
58%
121 Dustpelt
56%
24 Onestar
56%
105 Spottedleaf
56%
97 Leopardstar
55%
61 Crowfeather
54%
34 Longtail
54%
113 Storm
54%
67 Blackstar
53%
42 Cinderheart
53%
182 Alderheart
52%
158 Hawkfrost
52%
76 Mousefur
52%
140 Whitestorm
52%
35 Ashfur
51%
132 Redtail
50%
180 Stonefur
50%
126 Feathertail
49%
172 Silverstream
49%
22 Darkstripe
48%
117 Ferncloud
47%
64 Mapleshade
46%
55 Mothwing
46%
170 Snowfur
46%
160 Tawnypelt
46%
9 Oakheart
43%
39 Daisy
41%
62 Millie
41%
93 Flametail
40%
148 Sorreltail
40%
7 Brindleface
39%
119 Hal
39%
138 Scourge
39%
185 Barley
38%
70 Raggedstar
38%
144 Whitewing
38%
143 Thistleclaw
37%
31 Mosskit
36%
79 Princess
36%
146 Runningnose
36%
178 Swiftpaw
36%
60 Berrynose
35%
18 Goldenflower
35%
8 One-Eye
35%
131 Rowanstar
35%
3 Briarlight
34%
30 Littlecloud
34%
115 Frostfur
33%
181 Honeyfern
33%
162 Jake
33%
52 Harestar
32%
68 Blossomfall
31%
43 Gray Wing
31%
82 Moonflower
31%
116 Runningwind
31%
156 Thornclaw
31%
127 Twigbranch
31%
21 Dappletail
30%
78 Nightcloud
30%
130 Smudge
30%
92 Sparkpelt
29%
104 Spiderleg
29%
108 Violetshine
29%
45 Birchfall
28%
135 Snowkit
28%
53 Barkface
27%
66 Darktail
27%
41 Poppyfrost
27%
137 Sasha
26%
149 Sol
26%
94 Bone
25%
65 Clawface
25%
81 Dawnpelt
25%
173 Heathertail
25%
49 Mudfur
25%
96 Foxleap
24%
133 Hailstar
24%
183 Needletail
24%
54 Patchpelt
24%
171 Skystar
23%
179 Willowshine
22%
124 Russetfur
21%
142 Sootfur
21%
98 Cloudstar
20%
88 Deadfoot
20%
1 Kestrelflight
20%
75 Frecklewish
19%
4 Oakstar
19%
122 Featherwhisker
18%
154 Thrushpelt
18%
27 Antpelt
17%
118 Graypool
17%
174 Hazeltail
17%
23 Nutmeg
17%
12 Rainflower
17%
153 Shellheart
17%
33 Fallen Leaves
15%
6 Foxheart
15%
29 Rock
15%
40 Petal
14%
86 Echosong
13%
106 Gorsepaw
13%
2 Lilyheart
13%
80 Pebbleshine
13%
14 Adderfang
12%
72 Puddleshine
12%
167 Shrewpaw
12%
177 Turtle Tail
12%
198 Ambermoon
11%
139 Seedpaw
11%
59 Billystorm
10%
134 Socks
10%
168 Jagged Peak
9%
195 Maggottail
9%
38 Oakfur
9%
161 Skywatcher
9%
109 Toadstep
9%
11 Bright Stream
8%
46 Cherrytail
8%
50 Cody
8%
99 Micah
8%
111 Ratscar
8%
129 Snowtuft
8%
57 Hollytuft
7%
197 Juniperclaw
7%
145 Larchkit
7%
71 Acorn Fur
6%
188 Jessy
6%
147 Tom
6%
5 Crowfrost
5%
85 Dawnstar
5%
89 Floss
5%
159 Heavystep
5%
77 Palebird
5%
114 Tawnyspots
5%
194 Clovertail
4%
63 Jackdaw's Cry
4%
152 Shaded Moss
4%
165 Silverflame
4%
199 Bouncefire
3%
25 Cloudpelt
3%
112 Flintfang
3%
164 Harveymoon
3%
19 Minty
3%
190 Ottersplash
3%
73 Plumwillow
3%
184 Rainswept Flower
3%
91 Scorchfur
3%
150 Tinycloud
3%
15 Woolytail
3%
16 Zelda
3%
26 Applefrost
2%
84 Bob
2%
47 Cloudmist
2%
51 Cora
2%
28 Dawncloud
2%
120 Ebonyclaw
2%
102 Finpaw
2%
13 Loki
2%
193 Macgyver
2%
128 Molepelt
2%
141 Waspwhisker
2%
87 Deerdapple
1%
100 Dodge
1%
151 Fernshade
1%
136 Frogtail
1%
56 Furzepelt
1%
166 Hickorynose
1%
186 Lizardfang
1%
157 Shanty
1%
169 Shorty
1%
175 Slatefur
1%
110 Weaselfur
1%
103 Beetletail
0%
187 Benny
0%
20 Curlypaw
0%
90 Flora
0%
189 Nettlesplash
0%
44 Parsleyseed
0%
10 Rileypool
0%
No matching quizzes found
Score Distribution
Percent of People with Each Score
Percentile by Number Answered
Your Score History
You have not taken this quiz